000 01494namaa22003131i 4500
005 20260307141654.0
008 260210s1995 ua a|||frm||| 000 0 eng d
040 _aEG-GICUC
_beng
_cEG-GICUC
_dEG-GICUC
_erda
041 0 _aeng
_beng
_bara
049 _aDeposit
097 _aPh.D
099 _aCai01.09.08.Ph.D.1995.Am.M
100 0 _aAmr Ahmed Fuad Zahran,
_epreparation.
245 1 0 _aManagement of durcation defects using porous hydroxylapatite in conjunction with a polytetrafluoroethylene Membrane /
_cBy Amr Ahmed Fuad Zahran ; Supervised Prof. Dr. Mohamed Hosny Moustafa, Prof. Dr. Mohamed Abdel Aal.
246 1 5 _aعلاج عيوب التشعب الجذري باستخدام الهيروكسيل اباتيت المسامي مع غشاء البولي تترا فلورواثيلين
264 0 _c1995.
300 _a97 Leaves
_billustrations
_c30 cm. +
336 _2rda content
_atext
337 _2rdamedia
_aUnmediated
338 _2rdacarrier
_avolume
502 _aThesis (Ph.D)-Cairo University, 1995
504 _aBibliography: pages 85-97
653 0 _aManagement of durcation defects
_aManagement of durcation defects using porous hydroxylapatite
700 0 _aMohamed Hosny Moustafa
_ethesis advisor.
700 0 _aMohamed Abdel Aal
_ethesis advisor.
900 _DDepartment of Oral Medicine and Periodontology
_FFaculty of Medicine
_UCairo University
_b1995
_cMohamed Hosny Moustafa
_cMohamed Abdel Aal
905 _aNehad
_eNourhan
942 _2ddc
_cTH
_e21
_n0
999 _c178347